| 000 | 00622nam a2200229Ia 4500 | ||
|---|---|---|---|
| 003 | OSt | ||
| 005 | 20220928143524.0 | ||
| 006 | a|||||r|||| 00| 0 | ||
| 007 | ta | ||
| 008 | 220927b |||||||| |||| 00| 0 eng d | ||
| 024 | _a22345 | ||
| 037 | _cTextual | ||
| 040 |
_aSDCL _cSDCL _beng |
||
| 041 |
_2eng _aeng |
||
| 082 | _aQ:31, L4 | ||
| 100 |
_aMachve Prabhaker _9505593 |
||
| 245 | 0 | _aVibhinna dharamon me Ishwar kalpana. | |
| 260 | _c1974 | ||
| 700 |
_a Dafhtuaar Surender Narayana _9505594 |
||
| 942 |
_hQ:31, L4 _cTEXL _2CC |
||
| 999 |
_c824339 _d824339 |
||